000 00452nam a2200181Ia 4500
001 3246
005 20260306144906.0
008 260306t2011||||xx |||||||||||||| ||spa||
041 _aESP
082 _a262.91
_bJ81EX
100 _aJuan Pablo II
_eAUT
245 0 _aConstitución apostólica ex corde ecclesiae:
_bsobre las universidades católicas
260 _c2011
300 _a
_c
650 _aGEN
654 _aCHU
942 _cLIB
_dJUS
_fJUS
_2ddc
_n
999 _c3246
_d3246